| 000 | 01094nam a22002537a 4500 | ||
|---|---|---|---|
| 008 | 230623s2023 xxk|||||o|||| 00| 0 eng d | ||
| 041 | _aeng | ||
| 110 | _aRoyal Institution of Chartered Surveyors | ||
| 245 |
_aExisting use value valuations for UK public sector financial statements _ba consultation _h[Electronic resource] |
||
| 260 |
_aLondon, _bRoyal Institution of Chartered Surveyors, _c3 April 2023 |
||
| 300 | _a48p. | ||
| 490 | _aRICS Consultation | ||
| 490 | _aRICS Professional Standard | ||
| 520 | _aConsultation opened 3rd April 2023 and closed 2nd May 2023 | ||
| 650 | _aEXISTING USE VALUE | ||
| 650 | _aVALUATION | ||
| 651 | _aUnited Kingdom | ||
| 690 |
_96273 _aValuation |
||
| 700 | _aStalker, Graham | ||
| 710 | _aRoyal Institution of Chartered Surveyors | ||
| 856 |
_uhttps://consultations.rics.org/gf2.ti/-/1491714/163125221.1/PDF/-/EUV_March%202023_clean%20for%20consultation.pdf _zView the draft Professional Standard on RICS iConsult |
||
| 856 |
_uhttps://consultations.rics.org/euv/consultationHome _zView the RICS iConsult homepage on EUV |
||
| 942 | _n0 | ||
| 999 |
_c121556 _d121556 |
||